000 01477cam a2200145 4500500
005 20260329023400.0
041 _afre
042 _adc
100 1 0 _aVeyret, Yvette
_eauthor
700 1 0 _aArnould, Paul
_eauthor
245 0 0 _aAtlas du développement durable : Un monde en transition
260 _bAutrement,
_c2022.
520 _aLe développement durable est une notion complexe, qui considère l’environnement dans son sens large : ressources, biodiversité, alimentation, santé, risques naturels et technologiques, gestion des déchets… Quels sont les objectifs à atteindre et les réponses apportées pour réussir la transition ? • Le point sur l’état du monde et ses inégalités : population, ressources, santé, biodiversité, risques, migrations… • La multiplication des réponses globales : conférences internationales, législation, adaptation au changement climatique, tourisme durable, commerce équitable… • L’inventivité des réponses locales : s’appuyant sur l’exemple français, l’atlas illustre les différentes échelles d’intégration des politiques environnementales dans la gestion de l’aménagement du territoire. Riche de plus de 100 cartes et documents mis à jour, l’atlas propose un éclairage sur la mise en œuvre d’un développement plus « durable » pour la planète.
856 4 1 _uhttps://shs.cairn.info/atlas-du-developpement-durable--9782746763029?lang=fr&redirect-ssocas=7080
999 _c1926724
_d1926724